| 000 | 02332aam a2200337 i 4500 | ||
|---|---|---|---|
| 001 | 768714001 | ||
| 003 | CO-MdFUSB | ||
| 005 | 20210304130121.0 | ||
| 007 | ta | ||
| 008 | 200929t1991 -us |||| |||| 00| 0 eng d | ||
| 020 | _a0521340330 | ||
| 040 |
_bspa. _aCO-MdFUSB _cCO-MdFUSB _dCO-MdFUSBC _erda |
||
| 041 | _aeng | ||
| 082 | 0 | 4 |
_223 _aG 232.4 _bS94s |
| 245 | 1 | 0 |
_aSacrifice and redemption : _bdurham essays in theology _c/ editado por S. W. Sykes |
| 264 | 1 |
_aCambridge, England : _bCambridge University Press, _c[1991] |
|
| 264 | 4 | _c© 1991 | |
| 300 |
_axi, 339 páginas _c; 24 cm |
||
| 336 |
_atexto _btxt _2rdacontent |
||
| 337 |
_2rdamedia _asin mediación _bn |
||
| 338 |
_2rdacarrier _avolumen _bnc |
||
| 505 | _aSacrificio y santidad / DR Jones - Sacrificio y orden mundial: algunas observaciones sobre la actitud de Ben Sira hacia el servicio del templo / R. Hayward - La comprensión de Paul de la muerte de Jesús como sacrificio / JDG Dunn - Hebreos: el sacrificio final / AN Chester - San Atanasio sobre el sacrificio de Cristo / George Dion Dragas - La doctrina del sacrificio: Agustín y la tradición patrística latina / Gerald Bonner - Sacrificio en la antigua tradición eucarística de Siria oriental / A. Gelston - Sobre el sacrificio eucarístico en el Edad Media / PJ Fitzpatrick - El sacrificio de la misa en el Concilio de Trent / JF McHugh - Sacrificio en tipología puritana / S. Hardman Moore - El sacrificio consciente e inconsciente: Kierkegaard sobre el arte, el sufrimiento y la religión / George Pattison - El sacrificio de Pearse: Cristo y Cuchulain crucificados y resucitados en la resurrección de Pascua, 1916 / SW Gilley - El concepto de sacrificio en la ética social anglicana / Alan M .Sugerencia. (cont.) Sacrificio eucarístico: el problema de cómo usar una metáfora litúrgica, con especial referencia a Simone Weil / AL Loades - La semántica del sacrificio / Edward Hulmes - vEsquema de una teología del sacrificio / SW Sykes - Cristo murió para nosotros: reflexiones sobre el lenguaje sacrificial de la salvación / IU Dalferth. | ||
| 563 | _aPasta dura | ||
| 600 | 0 | 7 | _aJesucristo |
| 650 | 1 | 0 |
_aCrucifixión _91100 |
| 650 | 1 | 0 |
_aSalvación _948 |
| 700 |
_94855 _aSykes, Stephen Whitefield, _eeditor |
||
| 942 | _cBK | ||
| 945 | _aJTF-925 | ||
| 999 |
_c46425 _d46425 |
||